000 00917cam a2200289 a 4500
001 16116816
005 20180309044146.0
008 100303s2011 fluab b 001 0 eng
010 _a 2010005215
015 _aGBB056056
_2bnb
016 7 _a015541463
_2Uk
020 _a9781439830680
020 _a1439830681
035 _a(OCoLC)ocn449890470
040 _aDLC
_cDLC
_dYDX
_dBTCTA
_dUKM
_dYDXCP
_dCDX
_dBWX
_dORX
_dAGL
_dDLC
041 _aeng
070 0 _aTD193
_b.M362 2011
080 _a628
082 0 0 _a628 MAN
_222
100 1 _a12
101 _aKIM
245 1 0 _aWater chemistry :
_cStanley E. Manahan.
504 _aIncludes bibliographical references and index.
906 _a7
_bcbc
_corignew
_d1
_eecip
_f20
_gy-gencatlg
942 _2ddc
_cBK
999 _c44559
_d44559